Participácia študentov na samospráve vysokej školy na Slovensku

Zabezpečenie prostredníctvom školy formálne vzdelávanie žiakov. Reflexia učebných predmetov z hľadiska výchovy k demokracii. Samospráva v škole ako priestor neformálnej edukácie k demokracii.

Saved in:
Bibliographic Details
Main Author: Macháček, Ladislav
Format: Book Chapter
Language:Slovak
Subjects:
Tags: Add Tag
No Tags, Be the first to tag this record!

MARC

LEADER 00000naa$a2200000$$$4500
001 0078317
005 20231114072736.2
041 0 |a slo 
044 |a SK 
245 1 0 |a Participácia študentov na samospráve vysokej školy na Slovensku  |c Ladislav Macháček 
520 |a Zabezpečenie prostredníctvom školy formálne vzdelávanie žiakov. Reflexia učebných predmetov z hľadiska výchovy k demokracii. Samospráva v škole ako priestor neformálnej edukácie k demokracii. 
610 2 0 |a školy vysoké 
610 2 0 |a študenti 
610 2 0 |a samospráva 
610 2 0 |a vzdelávanie 
100 1 |a Macháček, Ladislav